=LDR 00000nam 2200000 4500 =001 INLIS000000000037605 =005 20130612143330 =008 ***********************************Ind** =035 ##$$a0010-061300000037605 =041 ##$$a Ind =082 ##$$a 641.8 =090 ##$$a 641.8, Kue k =245 ##$$a Kue kering renyah dan lezat =260 ##$$a 2011 $b Jakarta =300 ##$$a 50 hlm, ilus, 21 cm =650 ##$$a Kue kering =850 ##$$a NBPNMAT =990 ##$$a 21400613/BPAP-NTB/20142014